书目信息 |
| 题名: |
中国农民的变迁
|
|
| 作者: | 武岩 , 廖树芳 , 秦兴洪 著 | |
| 分册: | ||
| 出版信息: | 广州 广东人民出版社 1999 |
|
| 页数: | 468页 | |
| 开本: | 20cm | |
| 丛书名: | ||
| 单 册: | ||
| 中图分类: | D420 | |
| 科图分类: | ||
| 主题词: | 农民--社会发展--研究--中国 | |
| 电子资源: | ||
| ISBN: | 7-218-03017-3 | |
| 000 | 00634nam0 2200217 45 | |
| 001 | 0301030874 | |
| 005 | 20031219104102.5 | |
| 010 | @a7-218-03017-3@dCNY25.00 | |
| 100 | @a20030103d1999 km y0chiy0120 ea | |
| 101 | 0 | @achi |
| 105 | @a z 000yy | |
| 200 | 1 | @a中国农民的变迁@AZhong Guo Nong Min De Bian Qian@f武岩,廖树芳,秦兴洪著@FWu Yan,Liao Shu Fang,Qin Xing Hong Zhu |
| 210 | @a广州@c广东人民出版社@d1999 | |
| 215 | @a468页@d20cm | |
| 606 | 0 | @a农民@x社会发展@x研究@y中国 |
| 690 | @aD420@v4 | |
| 701 | 0 | @a武岩@4著 |
| 701 | 0 | @a廖树芳@4著 |
| 701 | 0 | @a秦兴洪@4著 |
| 801 | @aCN@bTSTC@c20030103 | |
| 905 | @b318808@dD420@e2@f1 | |
| 中国农民的变迁/武岩,廖树芳,秦兴洪著.-广州:广东人民出版社,1999 |
| 468页;20cm |
| ISBN 7-218-03017-3:CNY25.00 |
| ● |
| 相关链接 |
|
|
|
|
正题名:中国农民的变迁
索取号:D420/2
 
预约/预借
| 序号 | 登录号 | 条形码 | 馆藏地/架位号 | 状态 | 备注 |
| 1 | 0318808 | 203188086 | 第一样本阅览室/ [索取号:D420/2] | 在馆 |